Netherlands in Eurovision - 12 points - Statistics

General Stats
  • This quiz has been taken 30 times
  • The average score is 75 of 80
Answer Stats
Hint Answer % Correct
1976 France
100%
1979 France
100%
1984 France
100%
1990 France
100%
2021 (Jury) France
100%
2021 (Televote) France
100%
1993 Portugal
100%
2017 (Jury) Portugal
100%
2017 (Televote) Portugal
100%
1996 QR Sweden
100%
2011 SF Sweden
100%
2012 SF Sweden
100%
2012 Sweden
100%
2018 SF (Jury) Sweden
100%
2019 SF (Jury) Sweden
100%
2019 (Jury) Sweden
100%
2023 SF (Televote) Sweden
100%
2023 (Jury) Sweden
100%
2022 SF (Televote) Ukraine
100%
2022 (Televote) Ukraine
100%
1981 United Kingdom
100%
1997 United Kingdom
100%
1977 Belgium
95%
2013 Belgium
95%
2015 SF Belgium
95%
2015 Belgium
95%
2016 (Televote) Belgium
95%
1988 Denmark
95%
1989 Denmark
95%
2005 SF Denmark
95%
2011 Denmark
95%
2013 SF Denmark
95%
2018 SF (Televote) Denmark
95%
2001 Estonia
95%
1980 Germany
95%
1998 Germany
95%
1999 Germany
95%
2018 (Jury) Germany
95%
2018 (Televote) Germany
95%
1987 Ireland
95%
1994 Ireland
95%
1996 Ireland
95%
1975 Luxembourg
95%
2009 SF Norway
95%
2009 Norway
95%
2019 SF (Televote) Norway
95%
2019 (Televote) Norway
95%
1986 Switzerland
95%
2024 (Jury) Switzerland
95%
2016 (Jury) Australia
91%
2023 (Televote) Finland
91%
1978 Israel
91%
1983 Israel
91%
2010 SF Israel
91%
2024 SF (Televote) Israel
91%
2024 (Televote) Israel
91%
1992 Italy
91%
2021 SF (Televote) Malta
91%
2021 SF (Jury) Russia
91%
2006 SF Armenia
86%
2008 SF Armenia
86%
2008 Armenia
86%
2010 Armenia
86%
2014 SF Armenia
86%
2016 SF (Televote) Armenia
86%
1982 Cyprus
86%
2022 SF (Jury) Greece
86%
2022 (Jury) Greece
86%
2000 Turkey
86%
2003 Turkey
86%
2004 Turkey
86%
2005 Turkey
86%
2006 Turkey
86%
2007 SF Turkey
86%
2007 Turkey
86%
2014 Austria
82%
2017 SF (Jury) Bulgaria
82%
2017 SF (Televote) Bulgaria
82%
2016 SF (Jury) Croatia
73%
2004 SF Serbia & Montenegro
64%
No matching quizzes found
Score Distribution
Percent of People with Each Score
Percentile by Number Answered
Your Score History
You have not taken this quiz